MARC

LEADER 00000nas a2200000 a 4500
001 ssj0001805
003 WaSeSS
005 20200512172242.0
006 m d
007 cr n
008 040504c19989999ne qr pss 0 0eng c
010 |a  2008233206 
016 7 |a 2003695-4  |2 DE-600 
022 |a 1572-8633  |l 1386-7423  |y 1386-7423 
035 |a (WaSeSS)ssj0001805 
040 |a FQM  |b eng  |e pn  |c FQM  |d OCLCQ  |d GUA  |d U9S  |d OCLCQ  |d OCLCF  |d OCLCO  |d OCLCQ  |d OCLCO  |d OCLCQ  |d Z5A  |d OCLCO  |d OCLCA  |d APUMS  |d U3W  |d OCLCO  |d EZC  |d OCLCO  |d NTG  |d OCLCO  |d AU@  |d OCLCO  |d DLC  |d WYU  |d OCLCO  |d AUD  |d TKN  |d NJT  |d OCLCO  |d VT2  |d OCLCA  |d WaSeSS 
042 |a pcc 
043 |a e------ 
050 0 0 |a R723 
060 0 0 |a W1  |b ME1587 
130 0 |a Medicine, health care, and philosophy (Online) 
245 1 0 |a Medicine, health care, and philosophy  |h [electronic resource]. 
260 |a Dordrecht, Netherlands :  |b Kluwer Academic Publishers,  |c 1998- 
310 |a Quarterly,  |b 2007- 
321 |a Three issues a year,  |b 1998-2006 
362 1 |a Began with Vol. 1, issue 1 (Apr. 1998). 
506 |a License restrictions may limit access. 
538 |a Mode of access: World Wide Web. 
550 |a Official journal of the European Society for Philosophy of Medicine and Health Care. 
588 |a Description based on: Vol. 1, issue 1 (Apr. 1998); title from contents screen (SpringerLink, viewed Jan. 16, 2008). 
588 |a Latest issue consulted: Vol. 21, issue 3 (Sept. 2018) (viewed Oct. 31, 2018). 
650 0 |a Medicine  |x Philosophy  |v Periodicals. 
650 0 |a Bioethics  |z Europe  |v Periodicals. 
650 0 |a Medical ethics  |z Europe  |v Periodicals. 
650 6 |a Éthique médicale  |v Périodiques. 
650 6 |a Médecine  |x Philosophie  |v Périodiques. 
650 7 |a Bioethics.  |2 fast  |0 (OCoLC)fst00832038 
650 7 |a Medical ethics.  |2 fast  |0 (OCoLC)fst01014081 
650 7 |a Medicine  |x Philosophy.  |2 fast  |0 (OCoLC)fst01015007 
650 2 |a Philosophy, Medical. 
650 2 |a Ethics. 
650 2 |a Bioethics. 
651 7 |a Europe.  |2 fast  |0 (OCoLC)fst01245064 
655 0 |a Electronic journals. 
710 2 |a European Society for Philosophy of Medicine and Health Care. 
776 0 8 |i Also issued in print:  |t Medicine, health care, and philosophy  |x 1386-7423  |w (DLC)sn 99040981  |w (OCoLC)40820601 
850 |a DLC 
856 4 0 |z Full text available from Research Library: 01/01/1998 to 1 year ago  |u https://search.proquest.com/publication/44546